000
00209nam a2200085Ia 4500
005
20250523155752.0
008
250523s9999 xx 000 0 und d
245
0
_a
Tehlikenin Nefesi
_c
Hüsnan Şeker
260
_b
ALTIN
999
_c
12114
_d
12114